| 000 | 01081nam a22002417a 4500 | ||
|---|---|---|---|
| 001 | 1226 | ||
| 005 | 20230808152503.0 | ||
| 008 | 230808b cb ||||| |||| 00| 0 eng d | ||
| 020 | _a9781741829365 | ||
| 040 |
_aFISKH _beng _cFISKH _dFISKH |
||
| 050 | _aPZ8.3 | ||
| 082 | _a398.8 | ||
| 100 | _aComer, Karen | ||
| 245 |
_aMy nursery rhymes collection / _ba timeless keepsake for you to tresure |
||
| 260 |
_aVictoria : _bHinkler Books, _c2006. |
||
| 300 |
_a184 pages : _c29 cm. |
||
| 505 | _aH | ||
| 520 | _a"Parents and children alike will find hours of enjoyment in this comprehensive collection of over 170 nursery rhymes. The Nursery Rhymes Collection is divided into 12 themes, such as farm animals, numbers, and action rhymes -- creating shorter sections to suit the attention of young readers. Settle back together and enjoy all the merry old souls! Stunningly presented in padded hardback with gilt edging and a place-holder ribbon." -Library Thing | ||
| 521 |
_a500
_bLexile estimate |
||
| 521 |
_aH
_bRaz-Plus |
||
| 655 | _anursery rhymes | ||
| 942 |
_2ddc _cBK _n0 |
||
| 999 |
_c1226 _d1226 |
||